Conta-me... a viagem do Guga (Registo nº 28695)

Detalhes MARC
000 -Etiqueta do registo
Valores 00914cam a2200301 4500
010 ## - Número ISBN
ISBN 9726276268
021 ## - Número do Depósito Legal
-- PT
Número 189869/03
090 ## -
-- 28695
100 ## - Dados gerais de processamento
Dados gerais 20071106d2003 c y0pory5003 ba
101 0# - Língua de publicação
-- por
102 ## - País de publicação
-- PT
105 ## -
-- a j 001yy
106 ## -
-- r
200 1# - Titulo e menção de responsabilidade
Título próprio Conta-me... a viagem do Guga
Informação de outro título língua portuguesa, 1o ciclo do ensino básico
Primeira menção de responsabilidade Adelina Carvalho, Sara Canelhas, Virgínia Magalhães
Outras menções de responsabilidade il. Pedro Cores
205 ## - Menção da edição
Edição [1a ed.,
-- 1a reimp.]
210 ## - Publicação
Local de publicação Porto
Nome do editor Areal,
Data de publicação 2003
215 ## - Descrição física 
Paginação / Volumes 46 p.
Outras indicações físicas il.
Dimensões 37 cm
225 2# - Colecção 
Título próprio da colecção Álbum de histórias
606 ## - Nome comum usado como assunto
Palavra de ordem Língua portuguesa
Subdivisão assunto [Manuais de ensino básico]
Código do sistema SIPOR
675 ## - CDU
Notação 372.41/.46(469)(075)
Edição BN
Língua por
700 #1 - Autor principal (pessoa individual)
Apelido Carvalho,
Nome Adelina
701 #1 - Co-autor principal (pessoa individual)
Apelido Canelhas,
Nome Sara
-- 070
701 #1 - Co-autor principal (pessoa individual)
Apelido Magalhães,
Nome Virgínia
-- 070
702 #1 - Autor secundário (pessoa individual)
Apelido Cores,
Nome Pedro
-- 440
930 ## -
-- BECRE
990 ## - Elementos KOHA
Tipo de documento Livro
995 ## - Localização e informação dos exemplares
-- 18
995 ## - Localização e informação dos exemplares
-- 18
Exemplares
Situação do levantamento Estado Biblioteca de origem Biblioteca de empréstimo Código de barras Cota Permissão de empréstimo Tipo de documento
  Completo Biblioteca da Escola Básica de Aguiar Biblioteca da Escola Básica de Aguiar 393BA 087.5 CAR Disponível Livro
  Completo Biblioteca do Centro Escolar de Viana do Alentejo Biblioteca do Centro Escolar de Viana do Alentejo 1330BV 087.5 CAR Disponível Livro




Powered by Koha